<?xml version="1.0" encoding="UTF-8"?><?xml-stylesheet type="text/xsl" href="static/style.xsl"?><OAI-PMH xmlns="http://www.openarchives.org/OAI/2.0/" xmlns:xsi="http://www.w3.org/2001/XMLSchema-instance" xsi:schemaLocation="http://www.openarchives.org/OAI/2.0/ http://www.openarchives.org/OAI/2.0/OAI-PMH.xsd"><responseDate>2026-06-03T18:57:17Z</responseDate><request verb="GetRecord" identifier="oai:riuma.uma.es:10630/19152" metadataPrefix="marc">https://riuma.uma.es/rest/oai/request</request><GetRecord><record><header><identifier>oai:riuma.uma.es:10630/19152</identifier><datestamp>2026-02-03T10:23:34Z</datestamp><setSpec>com_10630_1685</setSpec><setSpec>col_10630_38055</setSpec></header><metadata><record xmlns="http://www.loc.gov/MARC21/slim" xmlns:dcterms="http://purl.org/dc/terms/" xmlns:doc="http://www.lyncode.com/xoai" xmlns:xsi="http://www.w3.org/2001/XMLSchema-instance" xsi:schemaLocation="http://www.loc.gov/MARC21/slim http://www.loc.gov/standards/marcxml/schema/MARC21slim.xsd">
   <leader>00925njm 22002777a 4500</leader>
   <datafield ind2=" " ind1=" " tag="042">
      <subfield code="a">dc</subfield>
   </datafield>
   <datafield ind2=" " ind1=" " tag="720">
      <subfield code="a">Campaña Cañete, Jairo</subfield>
      <subfield code="e">author</subfield>
   </datafield>
   <datafield ind2=" " ind1=" " tag="260">
      <subfield code="c">2020-01-13</subfield>
   </datafield>
   <datafield ind2=" " ind1=" " tag="520">
      <subfield code="a">Tanto el entrenamiento como la gestión de un equipo deportivo pueden ser tareas complicadas, sobre todo, si se trata de un equipo infantil. A veces, puede no prestarse atención, bien por falta de tiempo o bien por falta de conocimiento, a las necesidades individuales de cada miembro del equipo.&#xd;
Este proyecto tiene como objetivo mitigar este tipo de problemas, proporcionando a los entrenadores de equipos deportivos una herramienta cómoda, sencilla y accesible en forma de aplicación web multiplataforma, que les ayude a confeccionar entrenamientos personalizados y que les asista durante todo el proceso, desde los partidos hasta el momento de la gestión del grupo.&#xd;
Con Diario de Entrenadores un usuario podrá crear un club deportivo, definir equipos dentro de este e invitar a otros usuarios a colaborar como entrenadores. Por cada equipo, se podrán añadir jugadores así como eventos que pueden ocurrir durante un partido y que se consideren importantes para su estudio y posterior análisis que tiene como objetivo la confección de un plan de entrenamiento.&#xd;
Tras esto, el usuario podrá simular partidos en tiempo real y podrá anotar, por cada unidad de tiempo, los eventos que ocurren y el jugador que los ejecuta, en vista de identificar las virtudes y carencias de cada jugador del equipo. Por último, los resultados de los partidos pasarán a ser procesados por determinados algoritmos de análisis, que generarán una serie de gráficas para que el usuario los analice y pueda planificar los entrenamientos en base a ellos.</subfield>
   </datafield>
   <datafield ind1="8" ind2=" " tag="024">
      <subfield code="a">https://hdl.handle.net/10630/19152</subfield>
   </datafield>
   <datafield tag="653" ind2=" " ind1=" ">
      <subfield code="a">Entrenamiento deportivo - Gestión</subfield>
   </datafield>
   <datafield tag="653" ind2=" " ind1=" ">
      <subfield code="a">Aplicaciones (Software)</subfield>
   </datafield>
   <datafield tag="653" ind2=" " ind1=" ">
      <subfield code="a">Informática - Trabajos Fin de Grado</subfield>
   </datafield>
   <datafield tag="653" ind2=" " ind1=" ">
      <subfield code="a">Grado en Ingeniería del Software - Trabajos Fin de Grado</subfield>
   </datafield>
   <datafield ind2="0" ind1="0" tag="245">
      <subfield code="a">Diario de entrenadores: aplicación para gestión de equipos deportivos</subfield>
   </datafield>
</record>
</metadata></record></GetRecord></OAI-PMH>